00486nam a2200193 a 4500001001300000003000900013005001700022008004100039020001000080082001800090100002100108245005000129260002500179300000900204500003500213505001000248650001300258700002100271nice12345678IN_TiNIC20260116013841.0050524s1985 dela grp 000 0 eng  ac15000a954.0252bMOH aMuhibbul Hasan,  aBaburb Founder of the Mughal Empire in India aDelhibManoharc1985 a235p aincludes index and biblioraphy2 aIndex aSamaveda1 aMuhibbul Hasan,